000 00796cab a2200229 4500
001 WB3422-17
008 090401t1998 xxu||||| |||| 00| 0 eng d
035 _a(Sirsi) u86713
041 _aeng
245 _aFlaws found in benchmarking
260 _c1998
350 _a0
490 _aProperty Week
_v63(8) 5 June 1998, 7(1)
520 _aJust over a third of occupiers who benchmark their property do not consider important non-financial factors in evaluating the efficiency of buildings according to a survey by the British Council of Offices and occupier body Nacore.
650 _aBENCHMARKING
650 _aBRITISH COUNCIL FOR OFFICES
650 _aNACORE
650 _aPROPERTY MARKET ANALYSIS
690 _aCOMMERCIAL PROPERTY-MANAGEMENT
942 _n0
948 _c09/06/1998
999 _c54603
_d54603